000 00412nam a2200169 i 4500
001 2-00278557
003 PPAK
005 20180728113106.0
008 070327s xx |||| ||||| | eng d
022 _a0126-5504
040 _aPPAK
_beng
_cPPAK
_erda
245 0 0 _aMalaysian Business (1989)
336 _2rdacontent
_atext
337 _2rdamedia
_aunmediated
338 _2rdacarrier
_avolume
942 _ddc
_cSR
999 _c168507
_d168507